000 00555nam a2200193Ia 4500
008 240729s9999 xx 000 0 und d
022 _a2632-8674
245 0 _aNAR Cancer
260 _aUnited Kingdom
260 _bOxford University Press
650 _a Biology (General)
650 _a Genetics
650 _a Internal medicine
650 _a Neoplasms. Tumors. Oncology. Including cancer and carcinogens | Science
650 _aMedicine
856 _uhttps://doaj.org/toc/ea450c392ee4445b93c57ced72bf9fb6
942 _2ddc
942 _cDOAJEJ
999 _c73884
_d73884
945 _a1
_bMadushi Gamage
_c1
_dMadushi Gamage